<?xml version="1.0" encoding="UTF-8"?>
<record
    xmlns:xsi="http://www.w3.org/2001/XMLSchema-instance"
    xsi:schemaLocation="http://www.loc.gov/MARC21/slim http://www.loc.gov/standards/marcxml/schema/MARC21slim.xsd"
    xmlns="http://www.loc.gov/MARC21/slim">

  <leader>007680c  a2200229   4500</leader>
  <controlfield tag="001">aBPLZ000055</controlfield>
  <controlfield tag="008">a      s2000    mx a                spa</controlfield>
  <datafield tag="020" ind1=" " ind2=" ">
    <subfield code="a">9684398980 (v. 1)</subfield>
  </datafield>
  <datafield tag="020" ind1=" " ind2=" ">
    <subfield code="a">968439893X (v. 2)</subfield>
  </datafield>
  <datafield tag="020" ind1=" " ind2=" ">
    <subfield code="a">9684398999 (v. 3)</subfield>
  </datafield>
  <datafield tag="050" ind1=" " ind2=" ">
    <subfield code="a">QD31.2</subfield>
    <subfield code="b">F85 2000</subfield>
  </datafield>
  <datafield tag="245" ind1=" " ind2=" ">
    <subfield code="a">Fundamentos de qu&#xED;mica : </subfield>
    <subfield code="b">tronco com&#xFA;n del bachillerato /</subfield>
    <subfield code="c">Glafira &#xC1;ngeles Ocampo...[et al].</subfield>
  </datafield>
  <datafield tag="246" ind1=" " ind2=" ">
    <subfield code="a">Fundamentos de qu&#xED;mica : Ense&#xF1;anza media superior</subfield>
  </datafield>
  <datafield tag="250" ind1=" " ind2=" ">
    <subfield code="a">5a ed.</subfield>
  </datafield>
  <datafield tag="260" ind1=" " ind2=" ">
    <subfield code="a">M&#xE9;xico :</subfield>
    <subfield code="b">Publicaciones Cultural, </subfield>
    <subfield code="c">2000</subfield>
  </datafield>
  <datafield tag="300" ind1=" " ind2=" ">
    <subfield code="a">4.v. : </subfield>
    <subfield code="b">il. ; </subfield>
    <subfield code="c">25 cm.</subfield>
  </datafield>
  <datafield tag="506" ind1=" " ind2=" ">
    <subfield code="a">Rec. Prop. Esc.</subfield>
  </datafield>
  <datafield tag="504" ind1=" " ind2=" ">
    <subfield code="a">Incluye bibliograf&#xED;a</subfield>
  </datafield>
  <datafield tag="650" ind1=" " ind2=" ">
    <subfield code="a">Qu&#xED;mica </subfield>
    <subfield code="x">Estudio y ense&#xF1;anza </subfield>
    <subfield code="2"> Lemb</subfield>
  </datafield>
  <datafield tag="700" ind1=" " ind2=" ">
    <subfield code="a">Ocampo &#xC1;ngeles, Glafira, coaut.</subfield>
  </datafield>
  <datafield tag="942" ind1=" " ind2=" ">
    <subfield code="2">lcc</subfield>
    <subfield code="c">LIB</subfield>
  </datafield>
  <datafield tag="999" ind1=" " ind2=" ">
    <subfield code="c">75963</subfield>
    <subfield code="d">75963</subfield>
  </datafield>
  <datafield tag="952" ind1=" " ind2=" ">
    <subfield code="1">0</subfield>
    <subfield code="2">lcc</subfield>
    <subfield code="4">0</subfield>
    <subfield code="7">0</subfield>
    <subfield code="a">BACH-004</subfield>
    <subfield code="b">BACH-004</subfield>
    <subfield code="c">GENERAL</subfield>
    <subfield code="d">2015-11-05</subfield>
    <subfield code="f">2a. ed.</subfield>
    <subfield code="k">CNE</subfield>
    <subfield code="o">QD31.2 F85 1991 V.I</subfield>
    <subfield code="p">PPO000004084</subfield>
    <subfield code="r">2015-11-05 00:00:00</subfield>
    <subfield code="t">C:1</subfield>
    <subfield code="y">LIB</subfield>
  </datafield>
  <datafield tag="952" ind1=" " ind2=" ">
    <subfield code="1">0</subfield>
    <subfield code="2">lcc</subfield>
    <subfield code="4">0</subfield>
    <subfield code="7">0</subfield>
    <subfield code="a">BACH-004</subfield>
    <subfield code="b">BACH-004</subfield>
    <subfield code="c">GENERAL</subfield>
    <subfield code="d">2015-11-05</subfield>
    <subfield code="f">2a. ed.</subfield>
    <subfield code="k">CNE</subfield>
    <subfield code="o">QD31.2 F85 r2001 V.I</subfield>
    <subfield code="p">PPO000004083</subfield>
    <subfield code="r">2015-11-05 00:00:00</subfield>
    <subfield code="t">C:2</subfield>
    <subfield code="y">LIB</subfield>
  </datafield>
  <datafield tag="952" ind1=" " ind2=" ">
    <subfield code="1">0</subfield>
    <subfield code="2">lcc</subfield>
    <subfield code="4">0</subfield>
    <subfield code="7">0</subfield>
    <subfield code="a">BACH-004</subfield>
    <subfield code="b">BACH-004</subfield>
    <subfield code="c">GENERAL</subfield>
    <subfield code="d">2015-11-05</subfield>
    <subfield code="f">2a. ed.</subfield>
    <subfield code="k">CNE</subfield>
    <subfield code="o">QD31.2 F85 r2001 V.I</subfield>
    <subfield code="p">PPO000004082</subfield>
    <subfield code="r">2015-11-05 00:00:00</subfield>
    <subfield code="t">C:3</subfield>
    <subfield code="y">LIB</subfield>
  </datafield>
  <datafield tag="952" ind1=" " ind2=" ">
    <subfield code="1">0</subfield>
    <subfield code="2">lcc</subfield>
    <subfield code="4">0</subfield>
    <subfield code="7">0</subfield>
    <subfield code="a">BACH-004</subfield>
    <subfield code="b">BACH-004</subfield>
    <subfield code="c">GENERAL</subfield>
    <subfield code="d">2015-11-05</subfield>
    <subfield code="f">2a. ed.</subfield>
    <subfield code="k">CNE</subfield>
    <subfield code="o">QD31.2 F85 r2001 V.I</subfield>
    <subfield code="p">PPO000004081</subfield>
    <subfield code="r">2015-11-05 00:00:00</subfield>
    <subfield code="t">C:4</subfield>
    <subfield code="y">LIB</subfield>
  </datafield>
  <datafield tag="952" ind1=" " ind2=" ">
    <subfield code="1">0</subfield>
    <subfield code="2">lcc</subfield>
    <subfield code="4">0</subfield>
    <subfield code="7">0</subfield>
    <subfield code="a">BACH-004</subfield>
    <subfield code="b">BACH-004</subfield>
    <subfield code="c">GENERAL</subfield>
    <subfield code="d">2015-11-05</subfield>
    <subfield code="f">2a. ed.</subfield>
    <subfield code="k">CNE</subfield>
    <subfield code="o">QD31.2 F85 r2004 V.I</subfield>
    <subfield code="p">PPO000004080</subfield>
    <subfield code="r">2015-11-05 00:00:00</subfield>
    <subfield code="t">C:5</subfield>
    <subfield code="y">LIB</subfield>
  </datafield>
  <datafield tag="952" ind1=" " ind2=" ">
    <subfield code="1">0</subfield>
    <subfield code="2">lcc</subfield>
    <subfield code="4">0</subfield>
    <subfield code="7">0</subfield>
    <subfield code="a">BACH-004</subfield>
    <subfield code="b">BACH-004</subfield>
    <subfield code="c">GENERAL</subfield>
    <subfield code="d">2015-11-05</subfield>
    <subfield code="f">2a. ed.</subfield>
    <subfield code="k">CNE</subfield>
    <subfield code="o">QD31.2 F85 r2004 V.I</subfield>
    <subfield code="p">PPO000004079</subfield>
    <subfield code="r">2015-11-05 00:00:00</subfield>
    <subfield code="t">C:6</subfield>
    <subfield code="y">LIB</subfield>
  </datafield>
  <datafield tag="952" ind1=" " ind2=" ">
    <subfield code="1">0</subfield>
    <subfield code="2">lcc</subfield>
    <subfield code="4">0</subfield>
    <subfield code="7">0</subfield>
    <subfield code="a">BACH-004</subfield>
    <subfield code="b">BACH-004</subfield>
    <subfield code="c">GENERAL</subfield>
    <subfield code="d">2015-11-05</subfield>
    <subfield code="f">5a. ed.</subfield>
    <subfield code="k">CNE</subfield>
    <subfield code="o">QD31.2 F85 r2004 V.II</subfield>
    <subfield code="p">PPO000004078</subfield>
    <subfield code="r">2015-11-05 00:00:00</subfield>
    <subfield code="t">C:1</subfield>
    <subfield code="y">LIB</subfield>
  </datafield>
  <datafield tag="952" ind1=" " ind2=" ">
    <subfield code="1">0</subfield>
    <subfield code="2">lcc</subfield>
    <subfield code="4">0</subfield>
    <subfield code="7">0</subfield>
    <subfield code="a">BACH-004</subfield>
    <subfield code="b">BACH-004</subfield>
    <subfield code="c">GENERAL</subfield>
    <subfield code="d">2015-11-05</subfield>
    <subfield code="f">5a. ed.</subfield>
    <subfield code="k">CNE</subfield>
    <subfield code="o">QD31.2 F85 r2004 V.II</subfield>
    <subfield code="p">PPO000004077</subfield>
    <subfield code="r">2015-11-05 00:00:00</subfield>
    <subfield code="t">C:2</subfield>
    <subfield code="y">LIB</subfield>
  </datafield>
  <datafield tag="952" ind1=" " ind2=" ">
    <subfield code="1">0</subfield>
    <subfield code="2">lcc</subfield>
    <subfield code="4">0</subfield>
    <subfield code="7">0</subfield>
    <subfield code="a">BACH-004</subfield>
    <subfield code="b">BACH-004</subfield>
    <subfield code="c">GENERAL</subfield>
    <subfield code="d">2015-11-05</subfield>
    <subfield code="f">5a. ed.</subfield>
    <subfield code="k">CNE</subfield>
    <subfield code="o">QD31.2 F85 r2002 V.II</subfield>
    <subfield code="p">PPO000004076</subfield>
    <subfield code="r">2015-11-05 00:00:00</subfield>
    <subfield code="t">C:3</subfield>
    <subfield code="y">LIB</subfield>
  </datafield>
  <datafield tag="952" ind1=" " ind2=" ">
    <subfield code="1">0</subfield>
    <subfield code="2">lcc</subfield>
    <subfield code="4">0</subfield>
    <subfield code="7">0</subfield>
    <subfield code="a">BACH-004</subfield>
    <subfield code="b">BACH-004</subfield>
    <subfield code="c">GENERAL</subfield>
    <subfield code="d">2015-11-05</subfield>
    <subfield code="f">5a. ed.</subfield>
    <subfield code="k">CNE</subfield>
    <subfield code="o">QD31.2 F85 r2002 V.II</subfield>
    <subfield code="p">PPO000004075</subfield>
    <subfield code="r">2015-11-05 00:00:00</subfield>
    <subfield code="t">C:4</subfield>
    <subfield code="y">LIB</subfield>
  </datafield>
  <datafield tag="952" ind1=" " ind2=" ">
    <subfield code="1">0</subfield>
    <subfield code="2">lcc</subfield>
    <subfield code="4">0</subfield>
    <subfield code="7">0</subfield>
    <subfield code="a">BACH-004</subfield>
    <subfield code="b">BACH-004</subfield>
    <subfield code="c">GENERAL</subfield>
    <subfield code="d">2015-11-05</subfield>
    <subfield code="f">5a. ed.</subfield>
    <subfield code="k">CNE</subfield>
    <subfield code="o">QD31.2 F85 r2001 V.II</subfield>
    <subfield code="p">PPO000004074</subfield>
    <subfield code="r">2015-11-05 00:00:00</subfield>
    <subfield code="t">C:5</subfield>
    <subfield code="y">LIB</subfield>
  </datafield>
  <datafield tag="952" ind1=" " ind2=" ">
    <subfield code="1">0</subfield>
    <subfield code="2">lcc</subfield>
    <subfield code="4">0</subfield>
    <subfield code="7">0</subfield>
    <subfield code="a">BACH-004</subfield>
    <subfield code="b">BACH-004</subfield>
    <subfield code="c">GENERAL</subfield>
    <subfield code="d">2015-11-05</subfield>
    <subfield code="f">5a. ed.</subfield>
    <subfield code="k">CNE</subfield>
    <subfield code="o">QD31.2 F85 r2000 V.II</subfield>
    <subfield code="p">PPO000004073</subfield>
    <subfield code="r">2015-11-05 00:00:00</subfield>
    <subfield code="t">C:6</subfield>
    <subfield code="y">LIB</subfield>
  </datafield>
  <datafield tag="952" ind1=" " ind2=" ">
    <subfield code="1">0</subfield>
    <subfield code="2">lcc</subfield>
    <subfield code="4">0</subfield>
    <subfield code="7">0</subfield>
    <subfield code="a">BACH-004</subfield>
    <subfield code="b">BACH-004</subfield>
    <subfield code="c">GENERAL</subfield>
    <subfield code="d">2015-11-05</subfield>
    <subfield code="f">5a. ed.</subfield>
    <subfield code="k">CNE</subfield>
    <subfield code="o">QD31.2 F85 r2000 V.II</subfield>
    <subfield code="p">PPO000004072</subfield>
    <subfield code="r">2015-11-05 00:00:00</subfield>
    <subfield code="t">C:7</subfield>
    <subfield code="y">LIB</subfield>
  </datafield>
  <datafield tag="952" ind1=" " ind2=" ">
    <subfield code="1">0</subfield>
    <subfield code="2">lcc</subfield>
    <subfield code="4">0</subfield>
    <subfield code="7">0</subfield>
    <subfield code="a">BACH-004</subfield>
    <subfield code="b">BACH-004</subfield>
    <subfield code="c">GENERAL</subfield>
    <subfield code="d">2015-11-05</subfield>
    <subfield code="f">5a. ed.</subfield>
    <subfield code="k">CNE</subfield>
    <subfield code="o">QD31.2 F85 r2004 V.IIl</subfield>
    <subfield code="p">PPO000004071</subfield>
    <subfield code="r">2015-11-05 00:00:00</subfield>
    <subfield code="t">C:1</subfield>
    <subfield code="y">LIB</subfield>
  </datafield>
  <datafield tag="952" ind1=" " ind2=" ">
    <subfield code="1">0</subfield>
    <subfield code="2">lcc</subfield>
    <subfield code="4">0</subfield>
    <subfield code="7">0</subfield>
    <subfield code="a">BACH-004</subfield>
    <subfield code="b">BACH-004</subfield>
    <subfield code="c">GENERAL</subfield>
    <subfield code="d">2015-11-05</subfield>
    <subfield code="f">5a. ed.</subfield>
    <subfield code="k">CNE</subfield>
    <subfield code="o">QD31.2 F85 r2004 V.IIl</subfield>
    <subfield code="p">PPO000004070</subfield>
    <subfield code="r">2015-11-05 00:00:00</subfield>
    <subfield code="t">C:2</subfield>
    <subfield code="y">LIB</subfield>
  </datafield>
  <datafield tag="952" ind1=" " ind2=" ">
    <subfield code="1">0</subfield>
    <subfield code="2">lcc</subfield>
    <subfield code="4">0</subfield>
    <subfield code="7">0</subfield>
    <subfield code="a">BACH-004</subfield>
    <subfield code="b">BACH-004</subfield>
    <subfield code="c">GENERAL</subfield>
    <subfield code="d">2015-11-05</subfield>
    <subfield code="f">5a. ed.</subfield>
    <subfield code="k">CNE</subfield>
    <subfield code="o">QD31.2 F85 r2004 V.IIl</subfield>
    <subfield code="p">PPO000004069</subfield>
    <subfield code="r">2015-11-05 00:00:00</subfield>
    <subfield code="t">C:3</subfield>
    <subfield code="y">LIB</subfield>
  </datafield>
  <datafield tag="952" ind1=" " ind2=" ">
    <subfield code="1">0</subfield>
    <subfield code="2">lcc</subfield>
    <subfield code="4">0</subfield>
    <subfield code="7">0</subfield>
    <subfield code="a">BACH-004</subfield>
    <subfield code="b">BACH-004</subfield>
    <subfield code="c">GENERAL</subfield>
    <subfield code="d">2015-11-05</subfield>
    <subfield code="f">5a. ed.</subfield>
    <subfield code="k">CNE</subfield>
    <subfield code="o">QD31.2 F85 r2004 V.IIl</subfield>
    <subfield code="p">PPO000004068</subfield>
    <subfield code="r">2015-11-05 00:00:00</subfield>
    <subfield code="t">C:4</subfield>
    <subfield code="y">LIB</subfield>
  </datafield>
  <datafield tag="952" ind1=" " ind2=" ">
    <subfield code="1">0</subfield>
    <subfield code="2">lcc</subfield>
    <subfield code="4">0</subfield>
    <subfield code="7">0</subfield>
    <subfield code="a">BACH-004</subfield>
    <subfield code="b">BACH-004</subfield>
    <subfield code="c">GENERAL</subfield>
    <subfield code="d">2015-11-05</subfield>
    <subfield code="f">5a. ed.</subfield>
    <subfield code="k">CNE</subfield>
    <subfield code="o">QD31.2 F85 r2001 V.IIl</subfield>
    <subfield code="p">PPO000004067</subfield>
    <subfield code="r">2015-11-05 00:00:00</subfield>
    <subfield code="t">C:5</subfield>
    <subfield code="y">LIB</subfield>
  </datafield>
  <datafield tag="952" ind1=" " ind2=" ">
    <subfield code="1">0</subfield>
    <subfield code="2">lcc</subfield>
    <subfield code="4">0</subfield>
    <subfield code="7">0</subfield>
    <subfield code="a">BACH-004</subfield>
    <subfield code="b">BACH-004</subfield>
    <subfield code="c">GENERAL</subfield>
    <subfield code="d">2015-11-05</subfield>
    <subfield code="f">5a. ed.</subfield>
    <subfield code="k">CNE</subfield>
    <subfield code="o">QD31.2 F85 r2001 V.IIl</subfield>
    <subfield code="p">PPO000004066</subfield>
    <subfield code="r">2015-11-05 00:00:00</subfield>
    <subfield code="t">C:6</subfield>
    <subfield code="y">LIB</subfield>
  </datafield>
  <datafield tag="952" ind1=" " ind2=" ">
    <subfield code="1">0</subfield>
    <subfield code="2">lcc</subfield>
    <subfield code="4">0</subfield>
    <subfield code="7">0</subfield>
    <subfield code="a">BACH-004</subfield>
    <subfield code="b">BACH-004</subfield>
    <subfield code="c">GENERAL</subfield>
    <subfield code="d">2015-11-05</subfield>
    <subfield code="f">5a. ed.</subfield>
    <subfield code="k">CNE</subfield>
    <subfield code="o">QD31.2 F85 r2001 V.IIl</subfield>
    <subfield code="p">PPO000004065</subfield>
    <subfield code="r">2015-11-05 00:00:00</subfield>
    <subfield code="t">C:7</subfield>
    <subfield code="y">LIB</subfield>
  </datafield>
  <datafield tag="952" ind1=" " ind2=" ">
    <subfield code="1">0</subfield>
    <subfield code="2">lcc</subfield>
    <subfield code="4">0</subfield>
    <subfield code="7">0</subfield>
    <subfield code="a">BACH-004</subfield>
    <subfield code="b">BACH-004</subfield>
    <subfield code="c">GENERAL</subfield>
    <subfield code="d">2015-11-05</subfield>
    <subfield code="f">5a. ed.</subfield>
    <subfield code="k">CNE</subfield>
    <subfield code="o">QD31.2 F85 r2001 V.IIl</subfield>
    <subfield code="p">PPO000004064</subfield>
    <subfield code="r">2015-11-05 00:00:00</subfield>
    <subfield code="t">C:8</subfield>
    <subfield code="y">LIB</subfield>
  </datafield>
  <datafield tag="952" ind1=" " ind2=" ">
    <subfield code="1">0</subfield>
    <subfield code="2">lcc</subfield>
    <subfield code="4">0</subfield>
    <subfield code="7">0</subfield>
    <subfield code="a">BACH-004</subfield>
    <subfield code="b">BACH-004</subfield>
    <subfield code="c">GENERAL</subfield>
    <subfield code="d">2015-11-05</subfield>
    <subfield code="f">5a. ed.</subfield>
    <subfield code="k">CNE</subfield>
    <subfield code="o">QD31.2 F85 r2000 V.IIl</subfield>
    <subfield code="p">PPO000004063</subfield>
    <subfield code="r">2015-11-05 00:00:00</subfield>
    <subfield code="t">C:9</subfield>
    <subfield code="y">LIB</subfield>
  </datafield>
  <datafield tag="952" ind1=" " ind2=" ">
    <subfield code="1">0</subfield>
    <subfield code="2">lcc</subfield>
    <subfield code="4">0</subfield>
    <subfield code="7">0</subfield>
    <subfield code="a">BACH-004</subfield>
    <subfield code="b">BACH-004</subfield>
    <subfield code="c">GENERAL</subfield>
    <subfield code="d">2015-11-05</subfield>
    <subfield code="f">5a. ed.</subfield>
    <subfield code="k">CNE</subfield>
    <subfield code="o">QD31.2 F85 r2000 V.IIl</subfield>
    <subfield code="p">PPO000004062</subfield>
    <subfield code="r">2015-11-05 00:00:00</subfield>
    <subfield code="t">C:10</subfield>
    <subfield code="y">LIB</subfield>
  </datafield>
  <datafield tag="952" ind1=" " ind2=" ">
    <subfield code="1">0</subfield>
    <subfield code="2">lcc</subfield>
    <subfield code="4">0</subfield>
    <subfield code="7">0</subfield>
    <subfield code="a">BACH-004</subfield>
    <subfield code="b">BACH-004</subfield>
    <subfield code="c">GENERAL</subfield>
    <subfield code="d">2015-11-05</subfield>
    <subfield code="f">5a. ed.</subfield>
    <subfield code="k">CNE</subfield>
    <subfield code="o">QD31.2 F85 r2000 V.IIl</subfield>
    <subfield code="p">PPO000004061</subfield>
    <subfield code="r">2015-11-05 00:00:00</subfield>
    <subfield code="t">C:11</subfield>
    <subfield code="y">LIB</subfield>
  </datafield>
  <datafield tag="952" ind1=" " ind2=" ">
    <subfield code="1">0</subfield>
    <subfield code="2">lcc</subfield>
    <subfield code="4">0</subfield>
    <subfield code="7">0</subfield>
    <subfield code="a">BACH-004</subfield>
    <subfield code="b">BACH-004</subfield>
    <subfield code="c">GENERAL</subfield>
    <subfield code="d">2015-11-05</subfield>
    <subfield code="f">3a. ed.</subfield>
    <subfield code="k">CNE</subfield>
    <subfield code="o">QD31.2 F85 r2004 V.IV</subfield>
    <subfield code="p">PPO000004060</subfield>
    <subfield code="r">2015-11-05 00:00:00</subfield>
    <subfield code="t">C:1</subfield>
    <subfield code="y">LIB</subfield>
  </datafield>
  <datafield tag="952" ind1=" " ind2=" ">
    <subfield code="1">0</subfield>
    <subfield code="2">lcc</subfield>
    <subfield code="4">0</subfield>
    <subfield code="7">0</subfield>
    <subfield code="a">BACH-004</subfield>
    <subfield code="b">BACH-004</subfield>
    <subfield code="c">GENERAL</subfield>
    <subfield code="d">2015-11-05</subfield>
    <subfield code="f">3a. ed.</subfield>
    <subfield code="k">CNE</subfield>
    <subfield code="o">QD31.2 F85 r2004 V.IV</subfield>
    <subfield code="p">PPO000004059</subfield>
    <subfield code="r">2015-11-05 00:00:00</subfield>
    <subfield code="t">C:2</subfield>
    <subfield code="y">LIB</subfield>
  </datafield>
  <datafield tag="952" ind1=" " ind2=" ">
    <subfield code="1">0</subfield>
    <subfield code="2">lcc</subfield>
    <subfield code="4">0</subfield>
    <subfield code="7">0</subfield>
    <subfield code="a">BACH-004</subfield>
    <subfield code="b">BACH-004</subfield>
    <subfield code="c">GENERAL</subfield>
    <subfield code="d">2015-11-05</subfield>
    <subfield code="f">3a. ed.</subfield>
    <subfield code="k">CNE</subfield>
    <subfield code="o">QD31.2 F85 r2004 V.IV</subfield>
    <subfield code="p">PPO000004058</subfield>
    <subfield code="r">2015-11-05 00:00:00</subfield>
    <subfield code="t">C:3</subfield>
    <subfield code="y">LIB</subfield>
  </datafield>
  <datafield tag="952" ind1=" " ind2=" ">
    <subfield code="1">0</subfield>
    <subfield code="2">lcc</subfield>
    <subfield code="4">0</subfield>
    <subfield code="7">0</subfield>
    <subfield code="a">BACH-004</subfield>
    <subfield code="b">BACH-004</subfield>
    <subfield code="c">GENERAL</subfield>
    <subfield code="d">2015-11-05</subfield>
    <subfield code="f">3a. ed.</subfield>
    <subfield code="k">CNE</subfield>
    <subfield code="o">QD31.2 F85 r2004 V.IV</subfield>
    <subfield code="p">PPO000004057</subfield>
    <subfield code="r">2015-11-05 00:00:00</subfield>
    <subfield code="t">C:4</subfield>
    <subfield code="y">LIB</subfield>
  </datafield>
  <datafield tag="952" ind1=" " ind2=" ">
    <subfield code="1">0</subfield>
    <subfield code="2">lcc</subfield>
    <subfield code="4">0</subfield>
    <subfield code="7">0</subfield>
    <subfield code="a">BACH-004</subfield>
    <subfield code="b">BACH-004</subfield>
    <subfield code="c">GENERAL</subfield>
    <subfield code="d">2015-11-05</subfield>
    <subfield code="f">3a. ed.</subfield>
    <subfield code="k">CNE</subfield>
    <subfield code="o">QD31.2 F85 r2002 V.IV</subfield>
    <subfield code="p">PPO000004056</subfield>
    <subfield code="r">2015-11-05 00:00:00</subfield>
    <subfield code="t">C:5</subfield>
    <subfield code="y">LIB</subfield>
  </datafield>
  <datafield tag="952" ind1=" " ind2=" ">
    <subfield code="1">0</subfield>
    <subfield code="2">lcc</subfield>
    <subfield code="4">0</subfield>
    <subfield code="7">0</subfield>
    <subfield code="a">BACH-004</subfield>
    <subfield code="b">BACH-004</subfield>
    <subfield code="c">GENERAL</subfield>
    <subfield code="d">2015-11-05</subfield>
    <subfield code="f">3a. ed.</subfield>
    <subfield code="k">CNE</subfield>
    <subfield code="o">QD31.2 F85 r2002 V.IV</subfield>
    <subfield code="p">PPO000004055</subfield>
    <subfield code="r">2015-11-05 00:00:00</subfield>
    <subfield code="t">C:6</subfield>
    <subfield code="y">LIB</subfield>
  </datafield>
  <datafield tag="952" ind1=" " ind2=" ">
    <subfield code="1">0</subfield>
    <subfield code="2">lcc</subfield>
    <subfield code="4">0</subfield>
    <subfield code="7">0</subfield>
    <subfield code="a">BACH-004</subfield>
    <subfield code="b">BACH-004</subfield>
    <subfield code="c">GENERAL</subfield>
    <subfield code="d">2015-11-05</subfield>
    <subfield code="f">3a. ed.</subfield>
    <subfield code="k">CNE</subfield>
    <subfield code="o">QD31.2 F85 r2001 V.IV</subfield>
    <subfield code="p">PPO000004054</subfield>
    <subfield code="r">2015-11-05 00:00:00</subfield>
    <subfield code="t">C:7</subfield>
    <subfield code="y">LIB</subfield>
  </datafield>
  <datafield tag="952" ind1=" " ind2=" ">
    <subfield code="1">0</subfield>
    <subfield code="2">lcc</subfield>
    <subfield code="4">0</subfield>
    <subfield code="7">0</subfield>
    <subfield code="a">BACH-004</subfield>
    <subfield code="b">BACH-004</subfield>
    <subfield code="c">GENERAL</subfield>
    <subfield code="d">2015-11-05</subfield>
    <subfield code="f">3a. ed.</subfield>
    <subfield code="k">CNE</subfield>
    <subfield code="o">QD31.2 F85 1999 V.IV</subfield>
    <subfield code="p">PPO000004053</subfield>
    <subfield code="r">2015-11-05 00:00:00</subfield>
    <subfield code="t">C:8</subfield>
    <subfield code="y">LIB</subfield>
  </datafield>
  <datafield tag="952" ind1=" " ind2=" ">
    <subfield code="1">0</subfield>
    <subfield code="2">lcc</subfield>
    <subfield code="4">0</subfield>
    <subfield code="7">0</subfield>
    <subfield code="a">BACH-004</subfield>
    <subfield code="b">BACH-004</subfield>
    <subfield code="c">GENERAL</subfield>
    <subfield code="d">2015-11-10</subfield>
    <subfield code="f">3a. ed.</subfield>
    <subfield code="k">CNE</subfield>
    <subfield code="o">QD33 F8 1992</subfield>
    <subfield code="p">PPO000003830</subfield>
    <subfield code="r">2015-11-10 00:00:00</subfield>
    <subfield code="t">C:1</subfield>
    <subfield code="y">LIB</subfield>
  </datafield>
  <datafield tag="952" ind1=" " ind2=" ">
    <subfield code="1">0</subfield>
    <subfield code="2">lcc</subfield>
    <subfield code="4">0</subfield>
    <subfield code="7">0</subfield>
    <subfield code="a">BACH-004</subfield>
    <subfield code="b">BACH-004</subfield>
    <subfield code="c">GENERAL</subfield>
    <subfield code="d">2015-11-10</subfield>
    <subfield code="f">3a. ed.</subfield>
    <subfield code="k">CNE</subfield>
    <subfield code="o">QD33 F8 1992</subfield>
    <subfield code="p">PPO000003829</subfield>
    <subfield code="r">2015-11-10 00:00:00</subfield>
    <subfield code="t">C:2</subfield>
    <subfield code="y">LIB</subfield>
  </datafield>
  <datafield tag="952" ind1=" " ind2=" ">
    <subfield code="1">0</subfield>
    <subfield code="2">lcc</subfield>
    <subfield code="4">0</subfield>
    <subfield code="7">0</subfield>
    <subfield code="a">BACH-007</subfield>
    <subfield code="b">BACH-007</subfield>
    <subfield code="c">GENERAL</subfield>
    <subfield code="d">2023-11-27</subfield>
    <subfield code="f">1a. ed.</subfield>
    <subfield code="k">CNE</subfield>
    <subfield code="l">0</subfield>
    <subfield code="o">QD31.2 F85 r2001 V.1</subfield>
    <subfield code="p">pmo000003451</subfield>
    <subfield code="r">2023-11-27 00:00:00</subfield>
    <subfield code="t">C: 1</subfield>
    <subfield code="v">1.00</subfield>
    <subfield code="y">LIB</subfield>
  </datafield>
  <datafield tag="952" ind1=" " ind2=" ">
    <subfield code="1">0</subfield>
    <subfield code="2">lcc</subfield>
    <subfield code="4">0</subfield>
    <subfield code="7">0</subfield>
    <subfield code="a">BACH-007</subfield>
    <subfield code="b">BACH-007</subfield>
    <subfield code="c">GENERAL</subfield>
    <subfield code="d">2023-11-27</subfield>
    <subfield code="f">1a. ed.</subfield>
    <subfield code="k">CNE</subfield>
    <subfield code="l">0</subfield>
    <subfield code="o">QD31.2 F85 r2001 V.1</subfield>
    <subfield code="p">pmo000003452</subfield>
    <subfield code="r">2023-11-27 00:00:00</subfield>
    <subfield code="t">C: 2</subfield>
    <subfield code="v">1.00</subfield>
    <subfield code="y">LIB</subfield>
  </datafield>
  <datafield tag="952" ind1=" " ind2=" ">
    <subfield code="1">0</subfield>
    <subfield code="2">lcc</subfield>
    <subfield code="4">0</subfield>
    <subfield code="7">0</subfield>
    <subfield code="a">BACH-007</subfield>
    <subfield code="b">BACH-007</subfield>
    <subfield code="c">GENERAL</subfield>
    <subfield code="d">2023-11-29</subfield>
    <subfield code="f">5a. ed.</subfield>
    <subfield code="k">CNE</subfield>
    <subfield code="l">0</subfield>
    <subfield code="o">QD31.2 F85 r2001 V. 1</subfield>
    <subfield code="p">pmo000003469</subfield>
    <subfield code="r">2023-11-29 00:00:00</subfield>
    <subfield code="t">C: 1</subfield>
    <subfield code="v">1.00</subfield>
    <subfield code="y">LIB</subfield>
  </datafield>
</record>
